NCAA Basketball Teams (2024-2025) - Statistics

General Stats
  • This quiz has been taken 69 times
  • The average score is 230 of 364
Answer Stats
Conference School % Correct
Big East Connecticut
94%
ACC California
91%
ACC Duke
91%
SEC Florida
91%
ACC Florida State
91%
Big Ten Maryland
91%
ACC North Carolina
91%
Mid-American Ohio
91%
Big Ten Ohio State
91%
ACC Virginia
91%
SEC Alabama
88%
Big 12 Arizona
88%
Big 12 Arizona State
88%
SEC Arkansas
88%
SEC Georgia
88%
Ivy League Harvard
88%
ACC Louisville
88%
Big Ten Michigan
88%
Big Ten Michigan State
88%
Patriot League Navy
88%
ACC NC State
88%
ACC Stanford
88%
Big East St. John's
88%
SEC Texas
88%
Big 12 Utah
88%
ACC Virginia Tech
88%
ACC Wake Forest
88%
Big East Xavier
88%
Ivy League Yale
88%
Mountain West Air Force
85%
Patriot League Army
85%
ACC Boston College
85%
ACC Clemson
85%
Ivy League Columbia
85%
Ivy League Cornell
85%
ACC Georgia Tech
85%
Big Ten Iowa
85%
ACC Miami
85%
Mid-American Miami of Ohio
85%
Big Ten Minnesota
85%
Summit North Dakota
85%
Summit North Dakota State
85%
Big Ten Oregon
85%
ACC Pittsburgh
85%
SEC South Carolina
85%
Summit South Dakota
85%
Summit South Dakota State
85%
SEC Texas A&M
85%
Mid-American Toledo
85%
Mid-American Akron
82%
SEC Auburn
82%
Big 12 Baylor
82%
Big 12 BYU
82%
Big 12 Cincinnati
82%
Big East Creighton
82%
Ivy League Dartmouth
82%
Atlantic 10 Dayton
82%
Big Ten Indiana
82%
Big 12 Kansas
82%
Big 12 Kansas State
82%
SEC Kentucky
82%
SEC LSU
82%
Big Ten Northwestern
82%
ACC Notre Dame
82%
Big Ten Penn State
82%
Ivy League Pennsylvania
82%
Ivy League Princeton
82%
Big East Providence
82%
Big Ten Rutgers
82%
West Coast San Diego
82%
ACC SMU
82%
ACC Syracuse
82%
SEC Tennessee
82%
Big 12 Texas Tech
82%
Big West UC San Diego
82%
Mountain West Utah State
82%
Big Ten Washington
82%
Big Ten Wisconsin
82%
Mountain West Wyoming
82%
America East Albany
79%
Mountain West Boise State
79%
America East Bryant
79%
Big East Butler
79%
Big 12 Central Florida
79%
Mid-American Central Michigan
79%
Big 12 Colorado
79%
Big East Georgetown
79%
Big 12 Houston
79%
Big Ten Illinois
79%
Big 12 Iowa State
79%
Mid-American Kent State
79%
America East Maine
79%
American Athletic Memphis
79%
SEC Mississippi
79%
SEC Mississippi State
79%
SEC Missouri
79%
Big Sky Montana
79%
Mountain West New Mexico
79%
SEC Oklahoma
79%
Big Ten Purdue
79%
Mountain West San Diego State
79%
Big Ten USC
79%
Conference USA UT El Paso
79%
SEC Vanderbilt
79%
America East Vermont
79%
Big East Villanova
79%
Conference USA Western Kentucky
79%
Mid-American Western Michigan
79%
Southwestern Alabama State
76%
Patriot League American
76%
Sun Belt Arkansas State
76%
Ivy League Brown
76%
Mid-American Buffalo
76%
Mountain West Colorado State
76%
Mid-American Eastern Michigan
76%
Missouri Valley Indiana State
76%
Big Sky Montana State
76%
Big Ten Nebraska
76%
America East New Hampshire
76%
Conference USA New Mexico State
76%
Big 12 Oklahoma State
76%
West Coast Oregon State
76%
West Coast San Francisco
76%
Mountain West San Jose State
76%
Southwestern Southern
76%
Big Ten UCLA
76%
Big East DePaul
73%
Missouri Valley Drake
73%
Atlantic Sun Eastern Kentucky
73%
Atlantic 10 George Washington
73%
Sun Belt Georgia State
73%
West Coast Gonzaga
73%
Big Sky Idaho
73%
Big Sky Idaho State
73%
Atlantic Sun Jacksonville
73%
Atlantic 10 Loyola Chicago
73%
Patriot League Loyola Maryland
73%
West Coast Loyola Marymount
73%
Big East Marquette
73%
Atlantic 10 Massachusetts
73%
Mountain West Nevada
73%
West Coast Portland
73%
Atlantic 10 Richmond
73%
Big East Seton Hall
73%
Big 12 TCU
73%
Mountain West UNLV
73%
Atlantic 10 VCU
73%
Big 12 West Virginia
73%
Mid-American Ball State
70%
Sun Belt LA Lafayette
70%
Conference USA Liberty
70%
Sun Belt Marshall
70%
Mid-American Northern Illinois
70%
West Coast St. Mary's
70%
Big West UC Santa Barbara
70%
Mid-American Bowling Green
67%
Atlantic 10 Davidson
67%
Colonial Athletic Delaware
67%
Horizon League Detroit Mercy
67%
American Athletic Florida Atlantic
67%
Conference USA Florida Intl.
67%
Big West Hawaii
67%
Missouri Valley Missouri State
67%
Horizon League Northern Kentucky
67%
Summit Omaha
67%
Big Sky Portland State
67%
Atlantic 10 Rhode Island
67%
American Athletic South Florida
67%
Metro Atlantic St. Peter's
67%
American Athletic Tulane
67%
Big West UC Irvine
67%
American Athletic UNC Charlotte
67%
American Athletic UT San Antonio
67%
West Coast Washington State
67%
Southwestern Alabama A&M
64%
Big West Cal Poly
64%
Horizon League Cleveland State
64%
Summit Denver
64%
Mountain West Fresno State
64%
Atlantic 10 George Mason
64%
Western Athletic Grand Canyon
64%
Conference USA Jacksonville State
64%
Sun Belt James Madison
64%
Patriot League Lafayette
64%
Sun Belt LA Monroe
64%
Conference USA Middle Tenn. State
64%
Mid-Eastern Norfolk State
64%
Horizon League Oakland
64%
West Coast Pepperdine
64%
American Athletic Rice
64%
Missouri Valley Southern Illinois
64%
Sun Belt Texas State
64%
American Athletic Tulsa
64%
Big West UC Riverside
64%
Ohio Valley AR Little Rock
61%
Patriot League Boston University
61%
Colonial Athletic Charleston
61%
Atlantic 10 Duquesne
61%
American Athletic East Carolina
61%
Missouri Valley Evansville
61%
Big Sky E. Washington
61%
Missouri Valley Illinois State
61%
Horizon IUPUI
61%
Conference USA Kennesaw State
61%
American Athletic North Texas
61%
Ohio Valley Tennessee State
61%
American Athletic UA Birmingham
61%
America East UMBC
61%
American Athletic Wichita State
61%
Patriot League Bucknell
58%
Northeast Central Conn. St.
58%
Sun Belt Coastal Carolina
58%
Ohio Valley Eastern Illinois
58%
Sun Belt Georgia Southern
58%
Patriot League Holy Cross
58%
Southwestern Jackson State
58%
Conference USA Louisiana Tech
58%
Southland McNeese State
58%
Metro Atlantic Mount St. Mary's
58%
Atlantic Sun North Florida
58%
Sun Belt Old Dominion
58%
Big Sky Sacramento State
58%
Mid-Eastern SC State
58%
Southland Stephen F. Austin
58%
Atlantic 10 St. Louis
58%
Ohio Valley Tennessee Tech
58%
Big West UC Davis
58%
Horizon League UW Milwaukee
58%
Big Sky Weber State
58%
Summit Western Illinois
58%
Horizon League Youngstown State
58%
Sun Belt Appalachian State
55%
Atlantic Sun Central Arkansas
55%
Southern Citadel
55%
Southland New Orleans
55%
Missouri Valley Northern Iowa
55%
Sun Belt Southern Miss
55%
Atlantic 10 St. Bonaventure
55%
Northeast St. Francis (PA)
55%
Atlantic 10 St. Joseph's
55%
Colonial Athletic Stony Brook
55%
Southland TAMU Corpus Christi
55%
American Athletic Temple
55%
Sun Belt Troy
55%
Colonial Athletic UNC Wilmington
55%
Atlantic Sun Austin Peay
52%
Patriot League Colgate
52%
Big West CSU Bakersfield
52%
Mid-Eastern Delaware State
52%
Atlantic Sun Florida Gulf Coast
52%
Atlantic 10 Fordham
52%
Southern Furman
52%
Southwestern Grambling State
52%
Colonial Athletic Hampton
52%
Metro Atlantic Iona
52%
Summit Kansas City
52%
Patriot League Lehigh
52%
Atlantic Sun Lipscomb
52%
Northeast Long Island
52%
Metro Atlantic Manhattan
52%
Metro Atlantic Merrimack
52%
Atlantic Sun North Alabama
52%
Big Sky Northern Arizona
52%
Summit Oral Roberts
52%
Horizon League Robert Morris
52%
West Coast Santa Clara
52%
Big South UNC Ashville
52%
Horizon League UW Green Bay
52%
Southern Wofford
52%
Western Athletic Abilene Christian
48%
Southwestern Arkansas Pine Bluff
48%
Atlantic Sun Bellarmine
48%
Missouri Valley Belmont
48%
America East Binghamton
48%
Missouri Valley Bradley
48%
Big West CSU Fullerton
48%
Big South High Point
48%
Mid-Eastern Howard
48%
Big West Long Beach State
48%
Missouri Valley Murray State
48%
Southern NC Greensboro
48%
America East NJIT
48%
Colonial Athletic Northeastern
48%
Big Sky Northern Colorado
48%
Metro Atlantic Sacred Heart
48%
Conference USA Sam Houston State
48%
Sun Belt South Alabama
48%
Summit St. Thomas
48%
Missouri Valley Valparaiso
48%
Southern Virginia Military
48%
Colonial Athletic William & Mary
48%
Southwestern Alcorn State
45%
Northeast Chicago State
45%
Colonial Athletic Drexel
45%
Atlantic 10 La Salle
45%
Metro Atlantic Marist
45%
Western Athletic Seattle U
45%
Western Athletic Southern Utah
45%
Atlantic Sun Stetson
45%
Missouri Valley UI Chicago
45%
Southern Western Carolina
45%
Southern Chattanooga
42%
Mid-Eastern Coppin State
42%
Southern E. Tennessee State
42%
Colonial Athletic Hofstra
42%
Big South Longwood
42%
America East Mass-Lowell
42%
Ohio Valley Morehead State
42%
Horizon League Purdue Fort Wayne
42%
Southwestern Texas Southern
42%
Ohio Valley UT Martin
42%
Big South Winthrop
42%
Horizon League Wright State
42%
Colonial Athletic Campbell
39%
Big West CSU Northridge
39%
Colonial Athletic Elon
39%
Southwestern Florida A&M
39%
Southland Incarnate Word
39%
Southland Lamar
39%
Mid-Eastern MD Eastern Shore
39%
Southwestern Miss. Valley State
39%
Colonial Athletic Monmouth
39%
Mid-Eastern Morgan State
39%
Mid-Eastern NC Central
39%
Metro Atlantic Niagara
39%
West Coast Pacific
39%
Ohio Valley SE Missouri State
39%
Ohio Valley Southern Indiana
39%
Western Athletic Utah Valley
39%
Northeast Wagner
39%
Metro Atlantic Canisius
36%
Big South Charleston Southern
36%
Northeast Fairleigh Dickinson
36%
Southern Mercer
36%
Colonial Athletic NC A&T
36%
Southland Northwestern State
36%
Big South Presbyterian
36%
Metro Atlantic Quinnipiac
36%
Big South Radford
36%
Metro Atlantic Rider
36%
Southern Samford
36%
Big South SC Upstate
36%
Metro Atlantic Siena
36%
Colonial Athletic Towson
36%
Southland TX Rio Grande Valley
36%
Southwestern Bethune-Cookman
33%
Metro Atlantic Fairfield
33%
Southland Houston Christian
33%
Ohio Valley Lindenwood
33%
Southland Nicholls State
33%
Southland Texas A&M-Commerce
33%
Western Athletic Utah Tech
33%
Atlantic Sun West Georgia
33%
Big South Gardner-Webb
30%
Northeast Le Moyne
30%
Atlantic Sun Queens
30%
Southland SE Louisiana
30%
Ohio Valley SIU Edwardsville
30%
Western Athletic Tarleton State
30%
Western Athletic Texas Arlington
30%
Northeast Mercyhurst
27%
Southwestern Prairie View A&M
27%
Northeast Stonehill
27%
Western Athletic California Baptist
24%
No matching quizzes found
Score Distribution
Percent of People with Each Score
Percentile by Number Answered
Your Score History
You have not taken this quiz